ბათუმის შოთა რუსთაველის სახელმწიფო უნივერსიტეტის ბიბლიოთეკა

The Life and Times of Edvard VII (ბიბ.ჩანაწერი № 46692)

000 -LEADER
fixed length control field 00501nam a2200205Ia 4500
001 - CONTROL NUMBER
control field 13533
003 - CONTROL NUMBER IDENTIFIER
control field GE_BSU
008 - FIXED-LENGTH DATA ELEMENTS--GENERAL INFORMATION
fixed length control field 181216s||||||||xx |||||||||||||| ||und||
040 ## - CATALOGING SOURCE
Transcribing agency GE_BSU
080 ## - UNIVERSAL DECIMAL CLASSIFICATION NUMBER
Universal Decimal Classification number 94(410)
100 ## - MAIN ENTRY--PERSONAL NAME
Personal name Miadelemas,Keith
245 #4 - TITLE STATEMENT
Title The Life and Times of Edvard VII
245 ## - TITLE STATEMENT
Statement of responsibility, etc. Introduction by Antonia Fraser
260 ## - PUBLICATION, DISTRIBUTION, ETC.
Place of publication, distribution, etc. London
260 ## - PUBLICATION, DISTRIBUTION, ETC.
Name of publisher, distributor, etc. Book club Associates
260 ## - PUBLICATION, DISTRIBUTION, ETC.
Date of publication, distribution, etc. 1972
300 ## - PHYSICAL DESCRIPTION
Extent 223p.ill.26cm.
653 ## - INDEX TERM--UNCONTROLLED
Uncontrolled term The Life and Times of Edvard VII
942 ## - ADDED ENTRY ELEMENTS (KOHA)
Koha item type წიგნი
ეგზემპლარები
Withdrawn status Lost status Damaged status Not for loan Date acquired Barcode Date last seen Price effective from Koha item type
        2018-12-17 36990 2018-12-17 2018-12-17 წიგნი